000
00284nam a22001337a 4500
008
170216b xxu||||| |||| 00| 0 eng d
020
_a
9780192614261
041
_a
eng
080
_2
3 ED
_a
61
100
_a
4
101
_a
SHM
245
_a
ICHPPC 2 DEFINED
_c
HOFMAN
942
_2
udc
_c
BK
999
_c
5660
_d
5660